[Event "Itajai JASC (Women) 54th"]
[Site "Itajai"]
[Date "2014.11.17"]
[Round "2"]
[White "Feliciano Ebert, Vanessa"]
[Black "Alboredo, Julia"]
[Result "0-1"]
[WhiteElo "2290"]
[BlackElo "2041"]
[PlyCount "116"]
[EventDate "2014.11.16"]
[EventType "team-swiss"]
[EventRounds "7"]
[EventCountry "BRA"]
[SourceTitle "EXT 2019"]
[Source "ChessBase"]
[SourceDate "2018.10.10"]
[SourceVersion "1"]
[SourceVersionDate "2018.10.10"]
[SourceQuality "1"]
[WhiteTeam "Rio do Sul (W)"]
[BlackTeam "Florianopolis (W)"]
[WhiteTeamCountry "BRA"]
[BlackTeamCountry "BRA"]

1. d4 d5 2. c4 e6 3. Nc3 c6 4. Nf3 Nf6 5. cxd5 exd5 6. Bg5 Be7 7. Qc2 0-0 8. e3 h6 9. Bh4 Nbd7 10. Bd3 Re8 11. 0-0 Ne4 12. Bxe7 Qxe7 13. Rab1 a5 14. a3 Ndf6 15. b4 axb4 16. axb4 Nxc3 17. Qxc3 Qd6 18. b5 Ra3 19. Qc2 Bd7 20. bxc6 Bxc6 21. Ne5 Rea8 22. Rfc1 Ra2 23. Qd1 Nd7 24. Nf3 Nf6 25. h3 g6 26. Ne5 Nd7 27. Ng4 h5 28. Nh2 Qf6 29. Nf3 Kg7 30. Qf1 g5 31. Ra1 g4 32. Rxa2 Rxa2 33. hxg4 hxg4 34. Nh2 Qg5 35. g3 Nf6 36. Qd1 Ba4 37. Qf1 Nh5 38. Qg2 Bc6 39. Bc2 Nf6 40. Qf1 Nh5 41. Qe1 Ra3 42. Bd1 Nf6 43. Qe2 Bd7 44. Kg2 Ra8 45. f4 Qh5 46. Kg1 Rh8 47. Rc7 Bf5 48. Bc2 Bxc2 49. Qxc2 Ne4 50. Qe2 Nf6 51. Rxb7 Qf5 52. Re7 Rh3 53. Re5 Qb1+ 54. Kg2 Kf8 55. Nf1 Qh7 56. Qd2 Ne4 57. Qb4+ Kg7 58. Re8 Rxg3+ 0-1

[Event "American Continental 10th"]
[Site "Praia da Pipa"]
[Date "2014.10.22"]
[Round "6"]
[White "Palacio, Igor Da Paz"]
[Black "Feliciano Ebert, Vanessa"]
[Result "0-1"]
[WhiteElo "2130"]
[BlackElo "2252"]
[PlyCount "122"]
[EventDate "2014.10.18"]
[EventType "swiss"]
[EventRounds "11"]
[EventCountry "BRA"]
[SourceTitle "EXT 2015"]
[Source "ChessBase"]
[SourceDate "2014.11.20"]
[SourceVersion "1"]
[SourceVersionDate "2014.11.20"]
[SourceQuality "1"]

1. d4 Nf6 2. Nf3 e6 3. c4 Bb4+ 4. Bd2 a5 5. Qc2 d6 6. Nc3 Nbd7 7. a3 Bxc3 8. Bxc3 b6 9. e3 Bb7 10. Be2 a4 11. 0-0 0-0 12. Rfd1 Be4 13. Bd3 Bxd3 14. Rxd3 Qe7 15. b3 axb3 16. Qxb3 Ne4 17. Bb4 f5 18. Nd2 Qh4 19. g3 Qh3 20. f3 Nxg3 21. hxg3 Qxg3+ 22. Kf1 Rf6 23. Rb1 e5 24. c5+ Kh8 25. c6 e4 26. cxd7 exd3 27. Qxd3 Rd8 28. Ke2 Rxd7 29. Rf1 Rd8 30. Rf2 Rff8 31. d5 Rde8 32. Bc3 Re7 33. Nf1 Qg5 34. Bd2 Rfe8 35. Rh2 Qg6 36. Bc3 Kg8 37. Kf2 Qg5 38. Bd2 h6 39. Qd4 Rf7 40. Qh4 Qxh4+ 41. Rxh4 Kh7 42. Bc3 g5 43. Rh1 Kg6 44. Ng3 f4 45. Ne4 Ref8 46. Nd2 fxe3+ 47. Kxe3 h5 48. Rg1 Rf4 49. Bb2 h4 50. Rc1 R8f7 51. Rc3 g4 52. fxg4 h3 53. Rc1 Rxg4 54. Rh1 Rg3+ 55. Ke4 Kg5 56. Rf1 Rg4+ 57. Ke3 Rxf1 58. Nxf1 Rg2 59. Bc1 Kg4 60. Bd2 h2 61. Nxh2+ Rxh2 0-1